00968nam a2200217 i 4500001000700000003000900007005001700016007000300033008004100036080001900077100003100096245020400127260007500331300002600406650004800432700003800480710005900518852003200577999001900609952012200628146421ES-MaACL20250902055123.0t|070910s1969 sp ||||1| spa d a658(46)(049.3)1 aTravesi, Andrés.918742113aLa emresa española b: diálogos con José Mª Aguirre Gonzalo, Eduardo Barreiros Rodríguez, Antonio Barrera de Irimo... / cpor Andrés Travesí ; introducción de Bernardino Herrero Nieto. a[Madrid] : bAsociación para el Progreso de la Dirección, c[1969] aXI, 215 p. ; c23 cm.14aEmpresarios-zEspaña-vEntrevistas9122061 aHerrero Nieto, Bernardino.9633362 aAsociación para el Progreso de la Dirección.91775 aES-MaACLjC-46784 bR.71314 c146421d146421 00104070aATENEOMbATENEOMcDEPO2d2008-01-17eSCl0oC-46784p1152824r2023-02-23 00:00:00w2023-02-23yMONOGRAFIA